Most Populous Cities in 2000 - Statistics

General Stats
  • This quiz has been taken 26 times
  • The average score is 21 of 25
Answer Stats
Population City % Correct
10,100,000 Moscow
100%
15,500,000 New York City
100%
17,100,000 Tokyo
100%
26,300,000 Mexico City
96%
24,000,000 Sao Paulo
96%
13,500,000 Shanghai
96%
10,800,000 Beijing
92%
13,300,000 Delhi
92%
11,900,000 Istanbul
92%
12,800,000 Jakarta
92%
16,000,000 Mumbai
92%
9,200,000 Paris
92%
13,200,000 Buenos Aires
88%
13,200,000 Cairo
88%
9,500,000 Bangkok
83%
11,200,000 Los Angeles
83%
13,300,000 Rio De Janeiro
83%
13,500,000 Seoul
79%
16,600,000 Kolkata
75%
11,100,000 Manila
71%
12,700,000 Tehran
71%
11,200,000 Dhaka
67%
12,200,000 Karachi
58%
9,200,000 Tianjin
42%
12,800,000 Baghdad
25%
No matching quizzes found
Score Distribution
Percent of People with Each Score
Percentile by Number Answered
Your Score History
You have not taken this quiz